|
|
|
|
| LEADER |
00936nam a2200241 a 4500 |
| 001 |
12166 |
| 008 |
130724s1998 inua 001 0 eng d |
| 010 |
|
|
|a 98085199
|
| 020 |
|
|
|a 0672312506 (pbk.)
|
| 020 |
|
|
|a 8176351512
|
| 040 |
|
|
|a ViManCo
|c ViManCo
|d DLC
|d BD-DhAAL
|
| 082 |
0 |
0 |
|a 004.6/2
|2 21
|
| 100 |
1 |
|
|a Komar, Brian.
|
| 245 |
1 |
0 |
|a SAMS teach yourself TCP/IP network administration in 21 days /
|c Brian Komar.
|
| 246 |
3 |
|
|a Teach yourself TCP/IP network administration in 21 days.
|
| 260 |
|
|
|a Indianapolis, Ind. :
|b Sams Publishing,
|c c1998.
|
| 300 |
|
|
|a xvii, 606 + 28 p. :
|b ill. ;
|c 24 cm.
|
| 500 |
|
|
|a Includes index.
|
| 541 |
|
|
|e 12166
|
| 650 |
|
0 |
|a TCP/IP (Computer network protocol)
|
| 852 |
1 |
|
|a Ayesha Abed Library
|j General shelf.
|
| 999 |
|
|
|c 13724
|d 13724
|
| 952 |
|
|
|0 0
|1 0
|2 ddc
|4 0
|6 004_620000000000000_KOM
|7 0
|9 22969
|a BRACUL
|b BRACUL
|c GEN
|d 2013-07-27
|g 195.00
|l 3
|m 21
|o 004.62 KOM
|p 3010012166
|r 2025-09-10
|s 2025-04-09
|t 1
|w 2013-07-27
|y BK
|